| 000 | 00839nam a2200241 a 4500 | ||
|---|---|---|---|
| 001 | 47371 | ||
| 003 | BD-RjUL | ||
| 005 | 20211209054313.0 | ||
| 008 | 160808s1983 bg |||| b||| 000 0 ben d | ||
| 020 | _c: Tk. 15.00 | ||
| 035 | _a(BD-RjUL)47490 | ||
| 040 |
_aBD-RjUL _bben _cBD-RjUL |
||
| 041 | _aben | ||
| 082 |
_223 _a339.46 _bHEB 1983 |
||
| 100 | 1 | 0 |
_aহেয়টার, টেরেসা _9144128 |
| 245 | 1 | 0 |
_aবিশ্ব দারিদ্র / _cটেরেসা হেয়টার |
| 260 |
_aঢাকা : _bগণ উন্নয়ন গ্রন্থাগার, _c১৯৮৩ |
||
| 300 |
_a[৪] ১৫৯ পৃ. ; _c১৯ সেমি. |
||
| 504 | _aগ্রন্থপঞ্জি সংযুক্ত | ||
| 650 |
_aদারিদ্র _9144129 |
||
| 650 |
_aProverty _9144130 |
||
| 942 |
_2ddc _cBK |
||
| 999 |
_c47371 _d47371 |
||